| 000 | 00535nam a2200181Ia 4500 | ||
|---|---|---|---|
| 003 | OSt | ||
| 005 | 20260120122203.0 | ||
| 008 | 210210b xxu||||| |||| 00| 0 eng d | ||
| 040 | _cAL | ||
| 041 | _aKannada | ||
| 082 | _a858/156 | ||
| 100 |
_aRAMASVAMI AYYANGARA _9147760 _dರಾಮಸ್ವಾಮಿ ಅಯ್ಯಂಗಾರ. |
||
| 245 |
_aMaulana Abul Kalam Ajad _bಮೌಲಾನಾ ಅಬ್ದುಲ್ ಕಲಾಂ ಅಜಾದ್ |
||
| 260 |
_aGoruru _b- |
||
| 690 |
_aBiography _9147761 |
||
| 906 | _a020699 | ||
| 942 |
_2ddc _cBK |
||
| 999 |
_c144853 _d144853 |
||